| 000 | 02022nam0a2200349 4500 | ||
|---|---|---|---|
| 001 | RU\NLR\BIBL_A\011943673 | ||
| 005 | 20260407092733.0 | ||
| 035 | _a(NLR Aleph) 011943673 | ||
| 090 |
_a11106351 _c11106351 |
||
| 100 | _a20190221d1983 |||y0rusy50 ca | ||
| 101 | 0 | _arus | |
| 102 | _aRU | ||
| 105 | _ay z 100zy | ||
| 200 | 1 |
_aII научные чтения, посвященные памяти академиков И.А. Батманова, К.К. Юдахина, Б.М. Юнусалиева, 18-19 окт. 1983 _e(тезисы докладов и сообщений) _fАН КиргССР, Институт яз. и лит., Кирг. гос. ун-т им. 50-летия СССР, Кафедра кирг. языкознания |
|
| 210 |
_aФрунзе _cИлим _d1983 |
||
| 215 |
_a67 с. _d20 |
||
| 600 | 1 |
_aЮнусалиев _bБ.М. _f1913 - 1970 _gБолот Муражалиевич _92017736 _3RU\NLR\AUTH\661213298 |
|
| 606 | 1 |
_aКиргизский язык _jСборники _91323837 _3RU\NLR\AUTH\66550086 |
|
| 606 | 1 |
_aТюркские языки _jСборники _9928004 _3RU\NLR\AUTH\6622637 |
|
| 686 | 1 | _aШ163.25я434 | |
| 686 | 1 | _aШ163я434 | |
| 686 | 1 | _aШ1г(2=Ки)7дЮнусалиев | |
| 702 | 1 |
_4570 _7ca _8rus _aБатманов _bИ. А. _f1906-1969 _gИгорь Алексеевич _9202027 _3RU\NLR\AUTH\770202078 |
|
| 702 | 1 |
_aЮдахин _bК. К. _f1890-1975 _gКонстантин Кузьмич _4570 |
|
| 702 | 1 |
_4570 _7ca _8rus _aЮнусалиев _bБ. М. _f1913-1970 _gБолот Мураталиевич _9208607 _3RU\NLR\AUTH\770208661 |
|
| 710 | 1 | 2 |
_aНаучные чтения, посвященные памяти И. А. Батманова, К. К. Юдахина, Б. М. Юнусалиева _d2 _f1983 _eФрунзе _3RU\NLR\AUTH\8810050671 _9601495 |
| 852 |
_aNLR _j84-4/14410 |
||
| 942 | _cBOOK | ||
| 980 | _aNB | ||